LEADER 01284nam a2200289 i 4500 001 000000129138 003 CaOOAMICUS 005 20190411162821.0 008 050226s2004 it u000 u ita u 013 $a101871 020 $a88-06-16967-X 040 $aSeMil$bita 100 1 $aBaudelaire, Charles <1821-1867>.$0(OLS)http://semarc/name/8854 245 10$aScritti sull'arte /$cCharles Baudelaire ; prefazione di Ezio Raimondi ; traduzione di Giuseppe Guglielmi ed Ezio Raimondi. 260 $aTorino :$bEinaudi,$c2004. 300 $aLIII, 379 p. ;$c20 cm. 490 0 $aPiccola Biblioteca Einaudi. Nuova serie ;$v268 650 4$aEstetica filosofica.$0(OLS)http://semarc/subject/6361 700 1 $aGuglielmi, Giuseppe,$d<1976- >.$0(OLS)http://semarc/name/29483 700 1 $aRaimondi, Ezio ,$d<1924-2014>.$0(OLS)http://semarc/name/6901 830 0$aPiccola biblioteca Einaudi. Nuova serie ;$v268.$0(OLS)http://semarc/title/7479 850 $aSeMil 852 $aSeMil$W1$xVenegono$y1$m1V VI 281$j212442$B225646$CSeMilBibl$Z2$F225646 $81 996 $6020$a88-06-16967-X$9(OLS)http://semarc/number/115857 996 $6245$aScritti sull'arte$9(OLS)http://semarc/title/172725 996 $6260$aTorino :$bEinaudi$9(OLS)http://semarc/publisher/29884 LEADER 00715nam a2200133 i 4500 001 000000000804 003 CaOOAMICUS 005 20180830125434.0 008 180830s1975 gw u000 u und u 040 $aSeMil$bita 245 10$aEpistulae ad Thessalonicenses, Thimotheum, Titum, Philemonem, Hebraeos /$cherausgegeben von Hermann Josef Frede. Freiburg : Herder, 1975-1991. 2 v. ; 32 cm. 774 0 $tEpistulae ad Thessalonicenses, Thimotheum, Titum, Philemonem, Hebraeos.$kVetus Latina$gVol.2$w()60873 774 0 $tEpistulae ad Thessalonicenses, Thimotheum, Titum, Philemonem, Hebraeos.$kVetus Latina$gVol.1$w()60875 996 $6245$aEpistulae ad Thessalonicenses, Thimotheum, Titum, Philemonem, Hebraeos$9(OLS)http://semarc/title/1217